| 000 | 00370nam a2200133 4500 | ||
|---|---|---|---|
| 999 |
_c189933 _d189933 |
||
| 005 | 20220714173152.0 | ||
| 008 | 220714b ||||| |||| 00| 0 eng d | ||
| 022 | _a2349-0225 | ||
| 082 | _a841.08 | ||
| 245 | _aجہان غالب | ||
| 260 |
_aNew Delhi _bGhalib Academy _c2019 |
||
| 300 |
_a112 ص _c22cm(pbk) |
||
| 942 |
_2ddc _cSR _h841.08 _mج ہ ا _s1 |
||